000 00690nam a22002177a 4500
999 _c15721
_d15721
003 MIRAKIL
005 20240321135249.0
008 240321b tu ||||| |||| 00| 0 tur d
020 _a9789751752857
040 _aTR-AnCHP
_cTR-AnCHP
041 _atur
082 _a415.2
_bE61t 2022
100 _aErcilasun, Ahmet Bican
245 1 0 _aTürk dilinde çekirdek ekler /
_cAhmet Bican Ercilasun.
260 _aAnkara:
_bTürk Dil Kurumu Yayınları,
_c2022.
300 _a95 s. :
_c24 cm.
490 0 _aTürk Dil Kurumu yayınları :
_v1505.
650 0 _97716
_aTürk dili
856 _zDijital Nüshası için Partimizin Kütüphane Sorumlusu ile iletişime geçiniz.
942 _2ddc
_cBKS